00819nam a22002057a 4500003000900000008004100009040007100050082001800121100001900139245002700158260006000185300004400245440005200289505018300341650001300524650000900537650002200546650001300568700003200581AR-CdUCM190321b ||||| |||| 00| 0 spa d aMUNICIPALIDAD PROVINCIAL DEL CUSCOcBIBLIOTECA MUNICIPAL DEL CUSCO a761.2 /b1954 aWestheim, Paul aEl grabado en madera / aMéxico, D. F : bFondo de Cultura Económica,c1954. a297 páginas ;bilustraciones,c17 cm. aBreviarios del Fondo de Cultura Económican95 aContenido: La evolución del grabado en madera desde el siglo XIV hasta el siglo XX -- El nuevo grabado en madera mexicano -- El estampado de imágenes en el antigua México.  aMéxico aArte aGrabado en madera aHistoria aFrenk, Mariana (Traductora)